02867nam a22002417a 4500008004100000020001800041040000800059041000800067041000800075050002300083100004000106240003100146245009300177260004900270300002300319520112700342520103501469650001502504650001802519650002202537700003002559700003602589250121b |||||||| |||| 00| 0 eng d a9788496729155 ctbs aspa heng aHB501b.F7518 2008 aFriedman, Miltond1912-2006eauthor aFree to choose. lSpanish. aLibertad de elegirc/ Milton Friedman, Rose Friedman ; translated by Carlos Rocha Pujol. aMadrid :bEditorial Fundación FAES,c2008. a485 pages ; 24 cm. aLibertad de elegir es más que reeditar un clásico. Es un homenaje a la sencillez y a la eficacia con las que Milton Friedman explicaba y defendía las mejores ideas, que son las ideas de la libertad. Es una invitación a las generaciones más jóvenes a conocer, sin intermediarios ni prejuicios, cómo y por qué Friedman argumenta que «la libertad garantiza la posibilidad de que los desfavorecidos de hoy sean los privilegiados de mañana». Reeditar Libertad de elegir significa también compartir con Friedman afirmaciones como la siguiente: «Nuestra sociedad es lo que hacemos de ella. Podemos diseñar nuestras instituciones. Nada nos impide, si lo deseamos, edificar una sociedad que preserve y estimule la libertad humana, que sepa mantener el lugar del Estado, y convertirlo en nuestro servidor y no en nuestro amo». Esta reedición es también un tributo a quien explicó, mejor que nadie, los errores en política económica que llevaron a la Gran Depresión; y a quien ofreció medidas atrevidas a favor de los más débiles como el impuesto negativo sobre la renta o el bono escolar. aFreedom to Choose is more than a reissue of a classic. It is a tribute to the simplicity and effectiveness with which Milton Friedman explained and defended the best ideas—the ideas of freedom. It is an invitation to younger generations to discover, without intermediaries or prejudice, how and why Friedman argues that "freedom ensures the possibility for today's disadvantaged to become tomorrow's privileged." Reissuing Freedom to Choose also means sharing Friedman's assertions, such as: "Our society is what we make of it. We can design our institutions. Nothing prevents us, if we so desire, from building a society that preserves and fosters human freedom, one that knows how to keep the role of the State in check, making it our servant rather than our master." This reissue is also a tribute to the man who explained, better than anyone, the economic policy mistakes that led to the Great Depression; and who proposed bold measures in favor of the most vulnerable, such as the negative income tax and school vouchers. 0aCapitalism 0aWelfare state 0aIndustrial policy aFriedman, Rose D.eauthor aRocha Pujol, Carlosetranslator